000 00287 a2200133 4500
001 79407
082 _a928.91439 RIA
090 _c39601
_d39601
100 _aRiaz Ahmed
245 _aWaqas Ali Waqas
_hUrdu
250 _a1
260 _aLahore
_bsaleem Riaz
_c1994
300 _a208
942 _acaenust
_k928.91439 RIA
999 _c314480
_d314480